| 000 | 01185cam a2200253 i 4500 | ||
|---|---|---|---|
| 999 |
_c12443 _d12443 |
||
| 003 | OSt | ||
| 005 | 20240116105529.0 | ||
| 008 | 130516s2014 ctua b 001 0 eng | ||
| 010 | _a 2013017319 | ||
| 020 | _a9780300182767 (cl : alk. paper) | ||
| 042 | _apcc | ||
| 050 | 0 | 0 |
_aNA275 _b.W55 2014 |
| 082 | 0 | 0 |
_a720.938 _223 _bJON |
| 100 | 1 |
_aWilson Jones, Mark, _d1956- |
|
| 245 | 1 | 0 |
_aOrigins of classical architecture : _btemples, orders and gifts to the gods in ancient Greece / _cMark Wilson Jones. |
| 300 |
_axvi, 304 pages : _billustrations ; _c27 cm |
||
| 504 | _aIncludes bibliographical references (pages 258-293) and index. | ||
| 505 | 0 | _aPurpose and setting of the Greek temple -- Formative developments -- Questions of construction and the Doric genus -- Questions of influence and the Aeolic capital -- Questions of appearance and the Ionic genus -- Questions of meaning and the Corinthian capital -- Gifts to the gods -- Triglyphs and tripods -- Crucible -- Questions answered and unanswered. | |
| 650 | 0 |
_aTemples _zGreece. |
|
| 650 | 0 |
_aArchitecture _xOrders. |
|
| 650 | 0 |
_aSymbolism in architecture _zGreece. |
|
| 650 | 0 | _aArchitecture and religion. | |
| 942 | _2ddc | ||